<?xml version="1.0" encoding="UTF-8"?>
<collection xmlns="http://www.loc.gov/MARC21/slim">
 <record>
  <leader>01801nam a2200229 a 4500</leader>
  <controlfield tag="001">1/43386</controlfield>
  <controlfield tag="008">130410s2012    lu           n00010 gre d</controlfield>
  <datafield tag="020" ind1=" " ind2=" ">
   <subfield code="a">9789292410483</subfield>
  </datafield>
  <datafield tag="022" ind1="0" ind2=" ">
   <subfield code="a">1831-0826</subfield>
  </datafield>
  <datafield tag="035" ind1=" " ind2=" ">
   <subfield code="l">46304</subfield>
  </datafield>
  <datafield tag="040" ind1=" " ind2=" ">
   <subfield code="a">GR-PeUP</subfield>
  </datafield>
  <datafield tag="082" ind1="0" ind2="0">
   <subfield code="a">KET 361.6 ΕΥΡ</subfield>
  </datafield>
  <datafield tag="245" ind1="0" ind2="0">
   <subfield code="a">Είναι αποτελεσματική η συμβολή του Ευρωπαϊκού Ταμείου Ένταξης των Υπηκόων Τρίτων Χωρών και του Ευρωπαϊκού Ταμείου Προσφύγων στην ένταξη των υπηκόων τρίτων χωρών; :</subfield>
   <subfield code="b">(υποβαλλόμενη δυνάμει του άρθρου 287, παράγραφος 4, δεύτερο εδάφιο, ΣΛΕΕ) /</subfield>
   <subfield code="c">Ευρωπαϊκό Ελεγκτικό Συνέδριο.</subfield>
  </datafield>
  <datafield tag="260" ind1="0" ind2=" ">
   <subfield code="a">Λουξεμβούργο :</subfield>
   <subfield code="b">Υπηρεσία Εκδόσεων της Ευρωπαϊκής Ένωσης ,</subfield>
   <subfield code="c">2012.</subfield>
  </datafield>
  <datafield tag="300" ind1=" " ind2=" ">
   <subfield code="a">64 σ.:</subfield>
   <subfield code="b">πιν. ;</subfield>
   <subfield code="c">30 εκ.</subfield>
  </datafield>
  <datafield tag="490" ind1="1" ind2=" ">
   <subfield code="a">Ευρωπαϊκό Ελεγκτικό Συνέδριο. Ειδική έκθεση ;</subfield>
  </datafield>
  <datafield tag="650" ind1=" " ind2="4">
   <subfield code="a">Ανθρωπιστική Βοήθεια</subfield>
   <subfield code="x">Ευρωπαϊκή Ένωση.</subfield>
  </datafield>
  <datafield tag="650" ind1=" " ind2="4">
   <subfield code="a">Μεταναστευτική πολιτική</subfield>
   <subfield code="z">Ευρωπαϊκή Ένωση, Χώρες της.</subfield>
  </datafield>
  <datafield tag="710" ind1="2" ind2=" ">
   <subfield code="a">Ευρωπαϊκό Ελεγκτικό Συνέδριο.</subfield>
  </datafield>
  <datafield tag="830" ind1=" " ind2=" ">
   <subfield code="a">Ευρωπαϊκό Ελεγκτικό Συνέδριο. Ειδική έκθεση ;</subfield>
   <subfield code="v">22; 2012.</subfield>
  </datafield>
  <datafield tag="852" ind1=" " ind2=" ">
   <subfield code="a">INST</subfield>
   <subfield code="b">UNIPILB</subfield>
   <subfield code="c">KET</subfield>
   <subfield code="e">20130410</subfield>
   <subfield code="h">KET 361.6 ΕΥΡ</subfield>
   <subfield code="p">00166509</subfield>
   <subfield code="q">00166509</subfield>
   <subfield code="t">LOAN</subfield>
   <subfield code="y">0</subfield>
   <subfield code="4">1</subfield>
  </datafield>
  <datafield tag="856" ind1="4" ind2="1">
   <subfield code="u">http://bookshop.europa.eu/el/--pbQJAB12022/;pgid=y8dIS7GUWMdSR0EAlMEUUsWb00002h3qq93T;sid=OjgdureECD8dqObUiUqDHdWhd1sDyLBXPOs=?CatalogCategoryID=WI8KABst1t8AAAEjnZAY4e5L</subfield>
  </datafield>
 </record>
</collection>
